00614 2200217 4500001002100000005001700021008004100038020001800079035002400097082001000121090002000131100002400151245007400175250001100249260003100260300003100291650002100322700002000343850001200363999002100375YOGYA-0209000005812220161019094650.0 ind  a979-413-961-0 0010-020900000058122 a248.4 aDEP 248.4 Loy L aLOYOLA, St Ignasius aLatihan rohanic/ St Ignasius Loyola ; terjemahan oleh J. Darminta Sj aCet. 1 aYogyakartabKanisiusc1993 a256 hlm.b: ilus.c; 18 cm aHidup kerohanian aDARMINTA, J, Sj aYOPDYOG aCB-D.11/1993-264